000
00277nam a2200109Ia 4500
008
220204s9999 xx 000 0 und d
082
_a
339.138
_b
ABB
100
_a
Abbot, J C
245
0
_a
Marketing: Its role in increasing productivity
260
_a
UNO
_b
FAO
_c
1962
942
_c
BK
999
_c
19741
_d
19741